| 000 | 01134nam a2200265Ia 4500 | ||
|---|---|---|---|
| 003 | OSt | ||
| 005 | 20210902140839.0 | ||
| 008 | 210310s2001 ag ad fr 000 0 spa d | ||
| 040 |
_aCO-JMCR _cCO-JMCR |
||
| 041 | 1 |
_aspa _heng |
|
| 082 | 0 | 4 |
_a339 / _bS642m _223 |
| 100 | 1 |
_aSmith, Warren L., _917352 _eautor |
|
| 245 | 1 | 0 |
_aMacroeconomía / _cWarren L. Smith ; [traducción, Graciela Mellibovsky] |
| 250 | _aSegunda edición | ||
| 260 |
_aBuenos Aires : _bAmorrortu editores, _c2001 |
||
| 300 |
_a583 páginas : _bilustraciones y gráficas a blanco y negro ; _c22 cm. |
||
| 490 | 0 | _aBiblioteca de Economía Política | |
| 500 | _aIncluye notas a pie de página. Título original: Macroeconomics | ||
| 504 | _aBibliografía: páginas 79-580 | ||
| 505 | 0 | _aMedición de las variables macroeconómicas -- Demanda global y determinación del ingreso -- Precios, salarios y ocupación -- Crecimiento económico -- Ingreso nacional, comercio interaccional y balanza de pagos | |
| 650 | 1 | 4 |
_aMacroeconomía _917354 |
| 650 | 2 | 4 |
_aPolítica monetaria _939915 |
| 700 | 1 |
_aMellibovsky, Graciela, _etraductora _94682 |
|
| 942 |
_2ddc _cBK |
||
| 999 |
_c8465 _d8465 |
||